[Event "AUTO-ADV-4784"]
[Site "http://www.queenalice.com/game.php?id=1835655"]
[Date "2024.4.24"]
[Round "1"]
[White "marcoswerneck"]
[Black "prof_zeco"]
[Result "0-1"]
[WhiteElo "1816"]
[BlackElo "1851"]

1. e4 b6 2. d4 Bb7 3. d5 Nf6 4. Nc3 c6 5. Bg5 h6 6. Bxf6 exf6 7. d6 c5 8. Bd3
Bxd6 9. Nf3 Nc6 10. a3 a6 11. Qd2 Qc7 12. Nd5 Qb8 13. Nxb6 Ra7 14. O-O Ne5 15.
Be2 Bxe4 16. Nc4 Nxc4 17. Qc3 Ne5 18. Qe3 Bxf3 19. Bxf3 O-O 20. Bd5 Ng4 21. Qh3
Bxh2+ 22. Kh1 f5 23. Bf3 Qf4 24. Bxg4 fxg4 25. Qe3 Qb8 26. g3 Re8 27. Qd3 Bxg3
28. Qxg3 Qxb2 29. Rab1 Qxc2 30. Rb8 Qe4+ 31. f3 gxf3 32. Rxe8+ Qxe8 33. Qxf3 d6
34. Kh2 Re7 35. Rf2 Re3 36. Qf4 Rxa3 37. Qxd6 Re3 38. Qf4 f6 39. Qc4+ Kh8 40.
Kg1 Rg3+ 41. Rg2 Qe3+ 42. Kh1 Rh3+ 0-1

[Event "AUTO-ADV-4784"]
[Site "http://www.queenalice.com/game.php?id=1835656"]
[Date "2024.4.24"]
[Round "1"]
[White "prof_zeco"]
[Black "marcoswerneck"]
[Result "1-0"]
[WhiteElo "1837"]
[BlackElo "1789"]

1. d4 d5 2. e4 e6 3. e5 a6 4. Nf3 h6 5. Bd3 Nc6 6. O-O g5 7. h3 Bd7 8. c4 Qe7 9.
Nc3 O-O-O 10. cxd5 Nb8 11. d6 cxd6 12. Ne4 dxe5 13. dxe5 Bc6 14. Nd6+ Rxd6 15.
exd6 Qd7 16. Ne5 Qe8 17. Qc2 Bxd6 18. Nc4 Qd7 19. Nb6+ 1-0

[Event "AUTO-ADV-4784"]
[Site "http://www.queenalice.com/game.php?id=1835669"]
[Date "2024.4.24"]
[Round "1"]
[White "Spessatto"]
[Black "prof_zeco"]
[Result "0-1"]
[WhiteElo "1741"]
[BlackElo "1892"]

1. d4 d5 2. Nf3 Nc6 3. h3 e6 4. Bg5 Be7 5. Bf4 Nf6 6. e3 a6 7. c3 Nh5 8. Bh2 O-O
9. Bd3 Nf6 10. Nbd2 b5 11. Ne5 Bb7 12. Ndf3 Bd6 13. O-O Nd7 14. Kh1 Qe8 15. Nxd7
Qxd7 16. Ne5 Nxe5 17. dxe5 Be7 18. Qg4 f5 19. exf6 Rxf6 20. Be5 Rf7 21. Qh5 Rf5
22. Bxf5 exf5 23. Rad1 Qc6 24. Qxf5 Rf8 25. Qg4 Bf6 26. f4 b4 27. Bd4 bxc3 28.
bxc3 Bxd4 29. cxd4 Qa4 30. Rb1 Ba8 31. Qe6+ Kh8 0-1

[Event "AUTO-ADV-4784"]
[Site "http://www.queenalice.com/game.php?id=1835670"]
[Date "2024.4.24"]
[Round "1"]
[White "prof_zeco"]
[Black "Spessatto"]
[Result "1-0"]
[WhiteElo "1881"]
[BlackElo "1752"]

1. d4 d5 2. e4 Nf6 3. e5 Nfd7 4. Nf3 e6 5. Be2 h6 6. Bd2 Be7 7. O-O O-O 8. c4
Nc6 9. Qc2 Re8 10. Nc3 dxc4 11. Bxc4 Nb6 12. Bd3 Kh8 13. Rfe1 Nb4 14. Qb1 Nxd3
15. Qxd3 Nd5 16. Ne4 b6 17. a3 a5 18. Nc3 Ba6 19. Qc2 f6 20. exf6 Bxf6 21. Ne4
Qe7 22. Nxf6 Qxf6 23. Ne5 c5 24. dxc5 bxc5 25. Qxc5 Nf4 26. Bxf4 Rec8 27. Qxa5
Bb7 28. Qb4 Ba6 29. Rad1 Rab8 30. Qe4 Bb7 31. Qb1 Rd8 32. Ng6+ 1-0

[Event "AUTO-ADV-4791"]
[Site "http://www.queenalice.com/game.php?id=1837554"]
[Date "2024.5.27"]
[Round "1"]
[White "almiradm87"]
[Black "prof_zeco"]
[Result "1-0"]
[WhiteElo "1815"]
[BlackElo "1940"]

1. e4 b6 2. d4 Bb7 3. Nc3 e6 4. Nf3 Bb4 5. Bd2 Bxc3 6. Bxc3 Bxe4 7. Bd3 Bb7 8.
O-O Nf6 9. Re1 O-O 10. Bb4 d6 11. Bd2 Nbd7 12. b3 Re8 13. c4 c5 14. d5 e5 15.
Bf5 b5 16. Bc2 b4 17. Ng5 e4 18. Nxe4 Nxe4 19. Rxe4 Nf6 20. Rxe8+ Qxe8 21. Qe1
Qd7 22. Qe3 Re8 23. Qg3 Nh5 24. Qg5 Re5 25. Qh4 g6 26. Re1 Rxe1+ 27. Bxe1 Qe8
28. f3 Ng7 29. Bg3 h5 30. Bxd6 Qc8 31. Qf6 Ne8 32. Qe7 Nxd6 33. Qxd6 Qe8 34. Kf2
Qc8 35. Qf6 a5 36. Qg5 Kg7 37. Qe5+ Kh7 38. Qe7 Kg8 39. Qg5 Kg7 40. g4 h4 41.
Qxh4 Qe8 42. Qg3 Kg8 43. Qc7 Qa8 44. Qxc5 Bc8 45. h4 Qb8 46. Kg2 Qe5 47. Qxc8+
Kg7 48. Qc5 Qe2+ 49. Qf2 1-0

[Event "AUTO-ADV-4791"]
[Site "http://www.queenalice.com/game.php?id=1837555"]
[Date "2024.5.27"]
[Round "1"]
[White "prof_zeco"]
[Black "almiradm87"]
[Result "1-0"]
[WhiteElo "1919"]
[BlackElo "1836"]

1. d4 Nf6 2. e3 d5 3. Nf3 g6 4. Be2 Bg7 5. O-O O-O 6. b3 c5 7. Bb2 Nc6 8. dxc5
e6 9. Bb5 Bd7 10. c3 a6 11. Bd3 e5 12. Bc2 e4 13. Nd4 Nxd4 14. exd4 Bg4 15. Qe1
Re8 16. c4 Nh5 17. a3 Nf4 18. cxd5 Qxd5 19. Nc3 Qxd4 20. Na4 Qd5 21. Qe3 Ne2+
22. Kh1 Bxb2 23. Nxb2 Rac8 24. b4 Qh5 25. Bd1 Rcd8 26. Bxe2 Bxe2 27. Rfe1 Bb5
28. a4 Bc6 29. Nc4 Rd3 30. Qf4 Rc3 31. Nd6 Re7 32. Nxe4 Bxe4 33. Rxe4 Rxe4 34.
Qxe4 Ra3 35. Re1 Ra2 36. h3 Qf5 37. Qd4 Qc8 38. b5 axb5 39. axb5 Ra5 40. Qb4 Qd8
41. b6 Qa8 42. Qc3 Ra3 43. Re8+ Qxe8 44. Qxa3 Qe1+ 45. Kh2 Qxf2 46. c6 Qxb6 47.
Qa8+ Kg7 48. Qxb7 1-0

[Event "AUTO-ADV-4791"]
[Site "http://www.queenalice.com/game.php?id=1837572"]
[Date "2024.5.27"]
[Round "1"]
[White "prof_zeco"]
[Black "Olipika"]
[Result "1-0"]
[WhiteElo "1902"]
[BlackElo "1797"]

1. d4 Nf6 2. c4 d5 3. c5 b6 4. e3 e6 5. Qa4+ Bd7 6. Qc2 Nc6 7. a3 Be7 8. Bb5 Na5
9. c6 Bc8 10. b4 Nc4 11. Bxc4 dxc4 12. Qxc4 O-O 13. Nf3 Re8 14. O-O Qd5 15. Qc2
Ba6 16. Rd1 Bb5 17. Ne5 Red8 18. a4 Bxc6 19. Nxc6 Rd6 20. Nxe7+ 1-0

[Event "AUTO-ADV-4791"]
[Site "http://www.queenalice.com/game.php?id=1837573"]
[Date "2024.5.27"]
[Round "1"]
[White "Olipika"]
[Black "prof_zeco"]
[Result "0-1"]
[WhiteElo "1781"]
[BlackElo "1914"]

1. c4 e5 2. g3 Nc6 3. Bg2 Qf6 4. d3 Bb4+ 5. Bd2 Nge7 6. Nc3 O-O 7. a3 Bc5 8. e3
a6 9. b4 Ba7 10. Nf3 b5 11. Nd5 Nxd5 12. cxd5 Ne7 13. Ng5 Qxg5 14. d6 Nc6 15.
dxc7 Bb6 16. Bxc6 dxc6 17. Rc1 Bb7 18. e4 Qf6 19. f4 exf4 20. Bxf4 Bd4 21. Rf1
Bc3+ 22. Rxc3 Qxc3+ 23. Qd2 Qxa3 24. Ke2 Bc8 25. Qe3 Qb2+ 26. Kf3 Qxh2 27. Qb6
Qh5+ 28. Ke3 Bd7 29. Rc1 Rfe8 30. Rc5 Qh1 31. Kf2 Qh2+ 32. Kf3 Qh1+ 33. Kf2 Bg4
34. Rxc6 Qf3+ 0-1

[Event "AUTO-ADV-4778"]
[Site "http://www.queenalice.com/game.php?id=1842057"]
[Date "2024.8.17"]
[Round "2"]
[White "prof_zeco"]
[Black "shmurtz91"]
[Result "0-1"]
[WhiteElo "1922"]
[BlackElo "1978"]

1. d4 Nf6 2. Nf3 d5 3. Nc3 c6 4. e3 Nbd7 5. Be2 Qc7 6. Bd2 e5 7. dxe5 Nxe5 8.
Nd4 a6 9. Bf3 Bd6 10. Qe2 Bd7 11. e4 O-O-O 12. a3 c5 13. Nf5 Bxf5 14. exf5 Nxf3+
15. Qxf3 Rhe8+ 16. Ne2 Be5 17. O-O-O Qb6 18. c3 d4 19. Bf4 Qb3 20. Bxe5 Rxe5 21.
g4 Ne4 22. Rd3 Qa2 23. Kc2 Rd6 24. Qf4 Rb6 0-1

[Event "AUTO-ADV-4778"]
[Site "http://www.queenalice.com/game.php?id=1842058"]
[Date "2024.8.17"]
[Round "2"]
[White "shmurtz91"]
[Black "prof_zeco"]
[Result "0-1"]
[WhiteElo "1893"]
[BlackElo "1936"]

1. e4 e5 2. Nc3 Nf6 3. Nf3 d6 4. d4 Bg4 5. d5 Nbd7 6. h3 Bxf3 7. Qxf3 c6 8. Bc4
Be7 9. Qg3 Qb6 10. Bb3 c5 11. Ne2 Nxe4 12. Qxg7 Bf6 13. Qh6 c4 14. Be3 Nec5 15.
Bxc4 Qb4+ 16. Bd2 Qxc4 17. O-O Qxe2 0-1

[Event "AUTO-ADV-4778"]
[Site "http://www.queenalice.com/game.php?id=1842059"]
[Date "2024.8.17"]
[Round "2"]
[White "prof_zeco"]
[Black "BobFicha"]
[Result "0-1"]
[WhiteElo "1950"]
[BlackElo "1985"]

1. d4 d5 2. e4 dxe4 3. Nc3 Nf6 4. f3 exf3 5. Qxf3 e6 6. Be3 Bb4 7. Ne2 O-O 8.
O-O-O c6 9. Bg5 Nbd7 10. h4 h6 11. Bf4 Qa5 12. g4 Nh7 13. g5 hxg5 14. hxg5 Nxg5
15. Qh5 f6 16. Bxg5 Qxg5+ 17. Qxg5 fxg5 18. Bh3 Nb6 19. Ne4 Be7 20. Rd3 Nd5 21.
Bg4 Nf4 22. Nxf4 gxf4 23. Rdh3 Bd7 0-1

[Event "AUTO-ADV-4778"]
[Site "http://www.queenalice.com/game.php?id=1842060"]
[Date "2024.8.17"]
[Round "2"]
[White "BobFicha"]
[Black "prof_zeco"]
[Result "1-0"]
[WhiteElo "2000"]
[BlackElo "1935"]

1. e4 e5 2. Nf3 Nc6 3. Bc4 Nf6 4. Ng5 d5 5. exd5 Nxd5 6. d3 f6 7. Nf3 Be6 8. O-O
Bc5 9. Bd2 Qd7 10. a3 a6 11. Re1 O-O-O 12. c3 Na5 13. b4 Nxc4 14. dxc4 Ba7 15.
cxd5 Bxd5 16. Be3 Bxe3 17. fxe3 g5 18. Nbd2 h5 19. c4 g4 20. cxd5 gxf3 21. Nxf3
Rdg8 22. e4 h4 23. Kf2 Rh7 24. Rg1 1-0